Sběratel sněhu /
Uloženo v:
| Hlavní autor: | |
|---|---|
| Další autoři: | , , |
| Médium: | E-audiokniha |
| Jazyk: | Czech |
| Vydáno: |
Praha :
Vyšehrad,
[2019]
|
| Témata: | |
| Tagy: |
Žádné tagy |
| LEADER | 04259nim a2201225 i 4500 | ||
|---|---|---|---|
| 001 | 313066 | ||
| 003 | CZ PrSKC | ||
| 005 | 20260601215734.0 | ||
| 007 | sd fungnnmmned | ||
| 008 | 221021t20192019xr nnnng f n cze | ||
| 015 | |a cnb003465875 | ||
| 024 | 3 | |a 8594050426764 | |
| 040 | |a ABA001 |b cze |e rda | ||
| 072 | 7 | |a 821.162.3-3 |x Česká próza |2 Konspekt | |
| 080 | |a 821.162.3-31 |2 MRF | ||
| 080 | |a (0:82-31) |2 MRF | ||
| 080 | |a (086.7)08 |2 MRF | ||
| 080 | |a (086.76) |2 MRF | ||
| 100 | 1 | |a Štifter, Jan, |d 1984- |7 jo2003186416 |4 aut | |
| 245 | 1 | 0 | |a Sběratel sněhu / |c Jan Štifter |
| 264 | 1 | |a Praha : |b Vyšehrad, |c [2019] | |
| 264 | 4 | |c ©2019 | |
| 300 | |a 1 audiodisk (8 hod., 12 min., 44 sek.) ; |c 12 cm | ||
| 306 | |a 081244 | ||
| 336 | |a mluvené slovo |b spw |2 rdacontent | ||
| 337 | |a audio |b s |2 rdamedia | ||
| 338 | |a audiodisk |b sd |2 rdacarrier | ||
| 344 | |a digital |b optical |2 rda | ||
| 347 | |a audio soubor |b MP3 |2 rda | ||
| 500 | |a Název z disku | ||
| 500 | |a Copyright Albatros Media | ||
| 500 | |a Nezkrácená audiokniha ve formátu MP3 | ||
| 500 | |a Podle stejnojmenné knihy vydané nakladatelstvím Vyšehrad v roce 2018 | ||
| 511 | 0 | |a Čtou Jaromír Meduna, Jiří Schwarz a Jakub Saic | |
| 655 | 7 | |a české romány |7 fd133974 |2 czenas | |
| 655 | 7 | |a audioknihy |7 fd119452 |2 czenas | |
| 655 | 7 | |a kompaktní disky |7 fd201991 |2 czenas | |
| 700 | 1 | |a Meduna, Jaromír, |d 1953- |7 jx20031124122 |4 nrt | |
| 700 | 1 | |a Schwarz, Jiří, |d 1959- |7 ola2002142356 |4 nrt | |
| 700 | 1 | |a Saic, Jakub, |d 1969- |7 xx0225636 |4 nrt | |
| 900 | |a ABA001 |b 18 | ||
| 044 | |a xr | ||
| 505 | 0 | 0 | |t 2017 (2 min., 41 sek.) |
| 505 | 0 | 0 | |t 1956 (4 min., 47 sek.) |
| 505 | 0 | 0 | |t 1956 (8 min., 19 sek.) |
| 505 | 0 | 0 | |t 1956 (6 min., 10 sek.) |
| 505 | 0 | 0 | |t 1956 (9 min., 8 sek.) |
| 505 | 0 | 0 | |t 1956 (4 min., 8 sek.) |
| 505 | 0 | 0 | |t 1930 (8 min., 24 sek.) |
| 505 | 0 | 0 | |t 1930 (5 min., 23 sek.) |
| 505 | 0 | 0 | |t 1930 (1 min., 54 sek.) |
| 505 | 0 | 0 | |t 1956 (11 min., 48 sek.) |
| 505 | 0 | 0 | |t 1956 (12 min., 5 sek.) |
| 505 | 0 | 0 | |t 1956 (3 min., 16 sek.) |
| 505 | 0 | 0 | |t 1956 (8 min., 33 sek.) |
| 505 | 0 | 0 | |t 1931 (9 min., 38 sek.) |
| 505 | 0 | 0 | |t 1931 (6 min., 19 sek.) |
| 505 | 0 | 0 | |t 1931 (5 min., 38 sek.) |
| 505 | 0 | 0 | |t 1931 (9 min., 16 sek.) |
| 505 | 0 | 0 | |t 1931 (4 min., 3 sek.) |
| 505 | 0 | 0 | |t 2017 (8 min., 3 sek.) |
| 505 | 0 | 0 | |t 1956 (8 min., 12 sek.) |
| 505 | 0 | 0 | |t 1956 (9 min., 23 sek.) |
| 505 | 0 | 0 | |t 1956 (11 min., 45 sek.) |
| 505 | 0 | 0 | |t 1956 (0 min., 58 sek.) |
| 505 | 0 | 0 | |t 1956 (9 min., 27 sek.) |
| 505 | 0 | 0 | |t 2017 (2 min., 48 sek.) |
| 505 | 0 | 0 | |t 2017 (11 min., 18 sek.) |
| 505 | 0 | 0 | |t 1933 (5 min., 38 sek.) |
| 505 | 0 | 0 | |t 1934 (13 min., 29 sek.) |
| 505 | 0 | 0 | |t 1934 (9 min., 13 sek.) |
| 505 | 0 | 0 | |t 1934 (6 min., 53 sek.) |
| 505 | 0 | 0 | |t 1934 (4 min., 4 sek.) |
| 505 | 0 | 0 | |t 2017 (10 min., 10 sek.) |
| 505 | 0 | 0 | |t 2017 (7 min., 35 sek.) |
| 505 | 0 | 0 | |t 1956 (18 min., 27 sek.) |
| 505 | 0 | 0 | |t 1934 (16 min., 27 sek.) |
| 505 | 0 | 0 | |t 1934 (13 min., 40 sek.) |
| 505 | 0 | 0 | |t 1934 (3 min., 53 sek.) |
| 505 | 0 | 0 | |t 2017 (14 min., 15 sek.) |
| 505 | 0 | 0 | |t 2017 (7 min., 45 sek.) |
| 505 | 0 | 0 | |t 2017 (1 min., 52 sek.) |
| 505 | 0 | 0 | |t 2017 (9 min., 24 sek.) |
| 505 | 0 | 0 | |t 2017 (10 min., 20 sek.) |
| 505 | 0 | 0 | |t 2017 (1 min., 17 sek.) |
| 505 | 0 | 0 | |t 2017 (7 min., 22 sek.) |
| 505 | 0 | 0 | |t 1956 (14 min., 43 sek.) |
| 505 | 0 | 0 | |t 2017 (16 min., 35 sek.) |
| 505 | 0 | 0 | |t 2017 (15 min., 50 sek.) |
| 505 | 0 | 0 | |t 1956 (12 min., 36 sek.) |
| 505 | 0 | 0 | |t 1935 (9 min., 30 sek.) |
| 505 | 0 | 0 | |t 1956 (1 min., 27 sek.) |
| 505 | 0 | 0 | |t 1942 (6 min., 11 sek.) |
| 505 | 0 | 0 | |t 1943 (1 min., 3 sek.) |
| 505 | 0 | 0 | |t 1956 (1 min., 15 sek.) |
| 505 | 0 | 0 | |t 1945 (11 min., 53 sek.) |
| 505 | 0 | 0 | |t 1956 (1 min., 8 sek.) |
| 505 | 0 | 0 | |t 2017 (17 min., 0 sek.) |
| 505 | 0 | 0 | |t 1956 (1 min., 9 sek.) |
| 505 | 0 | 0 | |t 2017 (19 min., 53 sek.) |
| 505 | 0 | 0 | |t 1956 (4 min., 12 sek.) |
| 505 | 0 | 0 | |t 2017 (13 min., 13 sek.) |
| 910 | |a RBIT002 | ||
| 998 | |d 206754 |a https://core.palmknihy.cz/api/books/206754/cover?sia8st |b https://core.palmknihy.cz/api/books/206754/cover/400?sia8st |c https://core.palmknihy.cz/api/books/206754/cover/50?sia8st |e 2028-06-01 |i 8594050426764 |l 29520 |q 49 |r 1 |s https://www.palmknihy.cz/kniha/206754 |t audiobook |y 2019 |z 0 | ||
| 999 | |d 313064 | ||